| 000 | 02397cam a2200349 i 4500 | ||
|---|---|---|---|
| 001 | 768714001 | ||
| 003 | CO-MdFUSB | ||
| 005 | 20220411125330.0 | ||
| 007 | ta | ||
| 008 | 180317t20182018ctua b 001 0 eng d | ||
| 020 | _a0300190514 | ||
| 040 |
_aYDX _beng _erda _cCO-MdFUSB _dTYC _dOCLCF _dPTS _dNYP _dWCM _dL2U _dQGE _dIGA _dCHVBK _dLNT _dOCLCO _dUKMGB _dRB0 _dNJB _dNDD _dJBG _dWUT _dJRI |
||
| 041 | _aeng | ||
| 082 | 0 | 4 |
_a270.1 _223 _bF852 |
| 100 | 1 |
_aFredriksen, Paula, _eautor |
|
| 245 | 1 | 0 |
_aWhen Christians were Jews : _bthe first generation _c/ Paula Fredriksen. |
| 264 | 1 |
_aNew Haven : _bYale University Press, _c[2018] |
|
| 264 | 4 | _c©2018. | |
| 300 |
_a261 páginas : _bilustraciones ; _c22 cm. |
||
| 336 |
_atexto _btxt _2rdacontent. |
||
| 337 |
_asin mediación _bn _2rdamedia. |
||
| 338 |
_avolumen _bnc _2rdacarrier. |
||
| 504 | _aIncluye referencias bibliográficas (páginas 229-238) e índices. | ||
| 505 | _aHasta Jerusalén -- El monte santo de Dios -- Del milagro a la misión -- Comenzando desde Jerusalén -- Los fines de los siglos. | ||
| 520 | _a¿Cómo un grupo de carismáticos y apocalípticos misioneros judíos, trabajando para preparar su mundo para la realización inminente de las promesas de Dios a Israel, terminó por inaugurar un movimiento que se convertiría en la iglesia gentil? Comprometidos con la profecía de Jesús - "¡El Reino de Dios se ha acercado!" - eran, a sus propios ojos, la última generación de la historia. Pero a los ojos de la historia, se convirtieron en los primeros cristianos. En esta electrizante historia social e intelectual, Paula Fredriksen responde a esta pregunta reconstruyendo la vida de la primera comunidad de Jerusalén. A medida que su relato se extiende desde la esperanzada celebración de la Pascua con Jesús de este grupo, a través de sus amargas controversias que fragmentaron las misiones del movimiento a mediados de siglo, hasta el final ardiente de la ciudad en la destrucción romana de Jerusalén, ella da vida a esta vibrante comunidad apostólica. Fredriksen ofrece un retrato vívido tanto de este movimiento mesiánico centrado en el templo como de las convicciones fundamentales que lo animaron y lo sustentaron. | ||
| 563 | _aPasta dura | ||
| 650 | 7 |
_aIglesia _9659 _xHistoria _y(Iglesia primitiva), ca. 0030-0600 |
|
| 655 | 7 | _aHistory. | |
| 942 | _cBK | ||
| 945 | _aJTF-925 | ||
| 999 |
_c67480 _d67480 |
||